[Event "Oberliga NRW 1112"]
[Site "Germany"]
[Date "2011.09.18"]
[Round "1.8"]
[White "Dermann, Guido"]
[Black "Kahleys, Kevin"]
[Result "1/2-1/2"]
[WhiteElo "2292"]
[BlackElo "2178"]
[PlyCount "101"]
[EventDate "2011.09.18"]
[EventType "team-tourn"]
[EventRounds "9"]
[EventCountry "GER"]
[SourceTitle "EXT 2015"]
[Source "ChessBase"]
[SourceDate "2014.11.20"]
[SourceVersion "1"]
[SourceVersionDate "2014.11.20"]
[SourceQuality "1"]
[WhiteTeam "Muenster SK"]
[BlackTeam "Bochum SG II"]
[WhiteTeamCountry "GER"]
[BlackTeamCountry "GER"]

1. d4 d5 2. Nf3 Nf6 3. Bf4 c5 4. c3 Nc6 5. e3 Qb6 6. Qb3 c4 7. Qc2 Bf5 8. Qc1 h6 9. Be2 e6 10. Nbd2 Be7 11. Ne5 0-0 12. 0-0 Nxe5 13. Bxe5 Rac8 14. f3 Nd7 15. Bg3 e5 16. Re1 exd4 17. exd4 Rfe8 18. Nf1 Bg5 19. Bf4 Bxf4 20. Qxf4 Bg6 21. Qd2 Nf6 22. Ne3 Qd6 23. Bd1 Re6 24. Bc2 Bxc2 25. Nxc2 Rce8 26. Rxe6 Rxe6 27. Re1 Kf8 28. g3 Ke7 29. Ne3 g6 30. Kf2 h5 31. Rb1 b5 32. Ng2 Kd7 33. a4 bxa4 34. Qc2 Qa6 35. Nf4 Rb6 36. Ra1 Rb3 37. Ne2 a3 38. bxa3 Rxa3 39. Rb1 Ra2 40. Rb2 Rxb2 41. Qxb2 Qb6 42. Qc1 a5 43. h3 Qd6 44. Qa1 Qc7 45. Qa4+ Ke7 46. Qb5 h4 47. gxh4 Qh2+ 48. Ke3 Qc7 49. Nf4 Qd8 50. Qc5+ Ke8 51. Kd2 1/2-1/2

[Event "Oberliga NRW 0607"]
[Site "Germany"]
[Date "2006.09.17"]
[Round "1.4"]
[White "Lammens, Tim"]
[Black "Dermann, Guido"]
[Result "1/2-1/2"]
[WhiteElo "2271"]
[BlackElo "2343"]
[PlyCount "66"]
[EventDate "2006.09.17"]
[EventType "team-tourn"]
[EventRounds "9"]
[EventCountry "GER"]
[SourceTitle "EXT 2007"]
[Source "ChessBase"]
[SourceDate "2006.11.23"]
[SourceVersion "1"]
[SourceVersionDate "2006.11.23"]
[SourceQuality "1"]
[WhiteTeam "Gescher"]
[BlackTeam "Muenster"]
[WhiteTeamCountry "GER"]
[BlackTeamCountry "GER"]

1. e4 e6 2. d3 d5 3. Qe2 Nf6 4. Nf3 b6 5. e5 Nfd7 6. g3 c5 7. Bg2 Nc6 8. h4 Bb7 9. 0-0 Be7 10. Bf4 h6 11. h5 Bg5 12. c4 dxc4 13. dxc4 Bxf4 14. gxf4 0-0 15. Nc3 f6 16. Rad1 Qe7 17. Nh4 Nd4 18. Rxd4 cxd4 19. Ng6 Qf7 20. Bxb7 dxc3 21. Bxa8 Rxa8 22. Qf3 Rc8 23. Qxc3 fxe5 24. fxe5 Nf8 25. Qd3 Nxg6 26. hxg6 Qf4 27. Rd1 Rf8 28. Qg3 Qxc4 29. b3 Qe2 30. Rd6 Qe1+ 31. Kg2 Qe4+ 32. Kg1 Qe1+ 33. Kg2 Qe4+ 1/2-1/2

[Event "Oberliga NRW 0506"]
[Site "Germany"]
[Date "2005.10.09"]
[Round "2.5"]
[White "Dermann, Guido"]
[Black "Ackermann, Hans Werner"]
[Result "0-1"]
[WhiteElo "2334"]
[BlackElo "2358"]
[PlyCount "82"]
[EventDate "2005.09.25"]
[EventType "team-tourn"]
[EventRounds "9"]
[EventCountry "GER"]
[SourceTitle "EXT 2007"]
[Source "ChessBase"]
[SourceDate "2006.11.23"]
[SourceVersion "1"]
[SourceVersionDate "2006.11.23"]
[SourceQuality "1"]
[WhiteTeam "Muenster"]
[BlackTeam "Dortmund Hansa"]
[WhiteTeamCountry "GER"]
[BlackTeamCountry "GER"]

1. d4 Nf6 2. Bg5 c5 3. Bxf6 gxf6 4. d5 Qb6 5. Qc1 Bh6 6. e3 f5 7. Nf3 Na6 8. Na3 Bg7 9. c3 Nc7 10. Bc4 Qf6 11. Qc2 a6 12. 0-0-0 d6 13. h4 b5 14. Be2 Rb8 15. Ng5 Bd7 16. Nh3 b4 17. Nb1 a5 18. Nf4 Bh6 19. c4 a4 20. b3 Rg8 21. g3 Ra8 22. Nh5 Qe5 23. Qb2 Qxb2+ 24. Kxb2 Kd8 25. Nd2 Ne8 26. Kc2 Kc7 27. Kd3 Ng7 28. Nf4 Ra7 29. Nf3 Ne8 30. Nh5 e5 31. dxe6 fxe6 32. Ng5 axb3 33. axb3 Ra3 34. Rb1 Bxg5 35. hxg5 Rxg5 36. Bf3 e5 37. Bd5 Ra2 38. f4 e4+ 39. Bxe4 fxe4+ 40. Kxe4 Bf5+ 41. Kf3 Rg8 0-1

[Event "Oberliga NRW 0506"]
[Site "Germany"]
[Date "2005.09.25"]
[Round "1.4"]
[White "Schirbel, Andreas"]
[Black "Dermann, Guido"]
[Result "0-1"]
[WhiteElo "2268"]
[BlackElo "2334"]
[PlyCount "44"]
[EventDate "2005.09.25"]
[EventType "team-tourn"]
[EventRounds "9"]
[EventCountry "GER"]
[SourceTitle "EXT 2007"]
[Source "ChessBase"]
[SourceDate "2006.11.23"]
[SourceVersion "1"]
[SourceVersionDate "2006.11.23"]
[SourceQuality "1"]
[WhiteTeam "Gelsenkirchen Hassel"]
[BlackTeam "Muenster"]
[WhiteTeamCountry "GER"]
[BlackTeamCountry "GER"]

1. b3 d5 2. Bb2 Nf6 3. e3 g6 4. Nf3 Bg7 5. c4 c6 6. Be2 Nbd7 7. 0-0 0-0 8. Qc2 Re8 9. d4 Nb6 10. c5 Bf5 11. Qc1 Nbd7 12. b4 Ne4 13. b5 e5 14. Nxe5 Nxe5 15. dxe5 Bxe5 16. Bxe5 Rxe5 17. Rd1 Qh4 18. g3 Qh6 19. Rd4 Nxf2 20. Rh4 Nh3+ 21. Kg2 Qxe3 22. Qxe3 Rxe3 0-1

[Event "Oberliga NRW 0405"]
[Site "Germany"]
[Date "2004.10.31"]
[Round "2.3"]
[White "Dermann, Guido"]
[Black "Kohlweyer, Bernd"]
[Result "1-0"]
[WhiteElo "2310"]
[BlackElo "2429"]
[PlyCount "79"]
[EventDate "2004.10.10"]
[EventType "team-tourn"]
[EventRounds "9"]
[EventCountry "GER"]
[SourceTitle "EXT 2006"]
[Source "ChessBase"]
[SourceDate "2005.11.24"]
[SourceVersion "1"]
[SourceVersionDate "2005.11.24"]
[SourceQuality "1"]
[WhiteTeam "Muenster"]
[BlackTeam "Dortmund Hansa"]
[WhiteTeamCountry "GER"]
[BlackTeamCountry "GER"]

1. d4 Nf6 2. Nf3 g6 3. g3 Bg7 4. Bg2 d5 5. 0-0 0-0 6. Bf4 c6 7. c3 Qb6 8. Qb3 Bg4 9. Nbd2 Nbd7 10. Rfe1 Nh5 11. Be3 Rfe8 12. h3 Bxf3 13. Bxf3 Nhf6 14. Bg2 a5 15. Qxb6 Nxb6 16. Bf4 Na4 17. Rab1 Nh5 18. Bg5 e5 19. Nb3 Nf6 20. dxe5 Rxe5 21. Bf4 Ree8 22. Kf1 Ne4 23. Bxe4 Rxe4 24. Be3 Ree8 25. Rec1 Be5 26. Bd4 Bd6 27. c4 c5 28. Be3 dxc4 29. Rxc4 b5 30. Rc2 Rec8 31. Rbc1 Be5 32. Nxc5 Bxb2 33. Rb1 Ba3 34. Rxb5 Rc6 35. Rb3 Bb4 36. a3 Rxc5 37. Bxc5 Nxc5 38. Re3 Na6 39. axb4 Nxb4 40. Rc5 1-0

[Event "Bundesliga 9293"]
[Site "Germany"]
[Date "1993.??.??"]
[Round "?.6"]
[White "Dermann, Guido"]
[Black "Wolf, Volker"]
[Result "0-1"]
[WhiteElo "2330"]
[BlackElo "2320"]
[PlyCount "90"]
[EventDate "1992.10.24"]
[EventType "team-tourn"]
[EventRounds "15"]
[EventCountry "GER"]
[SourceTitle "GER-chT"]
[Source "ChessBase"]
[SourceDate "1999.07.01"]
[SourceVersion "1"]
[SourceVersionDate "1999.07.01"]
[SourceQuality "1"]
[WhiteTeam "Dortmund"]
[BlackTeam "Koblenz"]
[WhiteTeamCountry "GER"]
[BlackTeamCountry "GER"]

1. d4 e6 2. Nf3 Nf6 3. c4 Bb4+ 4. Nbd2 d5 5. e3 0-0 6. Be2 b6 7. Qa4 Be7 8. cxd5 exd5 9. Ne5 Bb7 10. 0-0 c5 11. Ndf3 Ne4 12. dxc5 bxc5 13. Rd1 Qc7 14. Bd2 Bd6 15. Nd3 Nd7 16. Rac1 a5 17. h3 Bc6 18. Qc2 Rfe8 19. b3 Re6 20. Nh4 Rf6 21. Nf3 Qb6 22. Bc3 Re6 23. Ba1 a4 24. Qb2 f6 25. Nh4 axb3 26. axb3 Ree8 27. Bg4 Ne5 28. Nxe5 fxe5 29. Bf5 Nf6 30. Qc2 Rab8 31. Rb1 d4 32. Nf3 Bd5 33. Ng5 h6 34. Nh7 Be7 35. b4 cxb4 36. exd4 e4 37. Nxf6+ Bxf6 38. Qc5 Qb7 39. Rxb4 Qxb4 40. Qxd5+ Kh8 41. Bg6 e3 42. fxe3 Rxe3 43. Kf2 Qe7 44. Qa5 Ra3 45. Qf5 Rxa1 0-1

[Event "Bundesliga 9293"]
[Site "Germany"]
[Date "1993.??.??"]
[Round "?.3"]
[White "Ribli, Zoltan"]
[Black "Dermann, Guido"]
[Result "1-0"]
[WhiteElo "2620"]
[BlackElo "2330"]
[PlyCount "43"]
[EventDate "1992.10.24"]
[EventType "team-tourn"]
[EventRounds "15"]
[EventCountry "GER"]
[SourceTitle "GER-chT"]
[Source "ChessBase"]
[SourceDate "1999.07.01"]
[SourceVersion "1"]
[SourceVersionDate "1999.07.01"]
[SourceQuality "1"]
[WhiteTeam "Bayern Muenchen"]
[BlackTeam "Dortmund"]
[WhiteTeamCountry "GER"]
[BlackTeamCountry "GER"]

1. Nf3 Nf6 2. c4 e6 3. g3 b6 4. Bg2 Bb7 5. Nc3 Be7 6. d4 0-0 7. d5 exd5 8. cxd5 a5 9. 0-0 d6 10. Be3 Ng4 11. Bd4 Bf6 12. Rc1 Nd7 13. Bxf6 Ngxf6 14. Nd4 Nc5 15. Qc2 Re8 16. b3 Re5 17. e4 Qd7 18. a3 Rae8 19. f3 c6 20. dxc6 Bxc6 21. Nxc6 Qxc6 22. f4 1-0

[Event "Bundesliga 9293"]
[Site "Germany"]
[Date "1992.??.??"]
[Round "?.6"]
[White "Dermann, Guido"]
[Black "Biebinger, Gerhard"]
[Result "1-0"]
[WhiteElo "2330"]
[BlackElo "2350"]
[PlyCount "109"]
[EventDate "1992.10.24"]
[EventType "team-tourn"]
[EventRounds "15"]
[EventCountry "GER"]
[SourceTitle "GER-chT"]
[Source "ChessBase"]
[SourceDate "1999.07.01"]
[SourceVersion "1"]
[SourceVersionDate "1999.07.01"]
[SourceQuality "1"]
[WhiteTeam "Dortmund"]
[BlackTeam "Kirchheim"]
[WhiteTeamCountry "GER"]
[BlackTeamCountry "GER"]

1. d4 Nf6 2. Nf3 e6 3. c4 c6 4. Bf4 d5 5. e3 Nbd7 6. a3 Be7 7. Qc2 0-0 8. Nc3 Nh5 9. Bg3 f5 10. Be5 Nhf6 11. Bd3 Ne4 12. 0-0 Bf6 13. b4 Nxe5 14. dxe5 Be7 15. Nd4 Bd7 16. Nce2 Qb8 17. f4 Kh8 18. Bxe4 fxe4 19. c5 g6 20. Kh1 Qc7 21. Nc3 Rf7 22. g3 h5 23. Qg2 Rg8 24. h4 Kg7 25. Qh3 Rf5 26. Rg1 Rh8 27. Rac1 Rh6 28. Nce2 Kf7 29. Qf1 Rh8 30. Rg2 Qd8 31. Nxf5 gxf5 32. Ng1 Qg8 33. Qd1 Qg4 34. Qxg4 hxg4 35. Rgc2 Ra8 36. Ne2 a5 37. Nd4 axb4 38. axb4 Ke8 39. Kg2 Kd8 40. Kf2 Kc7 41. Ke2 Bf8 42. Rb2 Ra4 43. Nc2 b6 44. cxb6+ Kxb6 45. Ra1 Rxa1 46. Nxa1 d4 47. exd4 Kb5 48. Nc2 Kc4 49. Kd2 e3+ 50. Nxe3+ Kxd4 51. Rb3 Ke4 52. Nc2 c5 53. Re3+ Kd5 54. Rd3+ Kc6 55. b5+ 1-0

[Event "Bundesliga 9293"]
[Site "Germany"]
[Date "1992.??.??"]
[Round "?.8"]
[White "Dermann, Guido"]
[Black "Wegener, Dirk"]
[Result "1/2-1/2"]
[WhiteElo "2330"]
[BlackElo "2305"]
[PlyCount "122"]
[EventDate "1992.10.24"]
[EventType "team-tourn"]
[EventRounds "15"]
[EventCountry "GER"]
[SourceTitle "GER-chT"]
[Source "ChessBase"]
[SourceDate "1999.07.01"]
[SourceVersion "1"]
[SourceVersionDate "1999.07.01"]
[SourceQuality "1"]
[WhiteTeam "Dortmund"]
[BlackTeam "Dresden"]
[WhiteTeamCountry "GER"]
[BlackTeamCountry "GER"]

1. d4 Nf6 2. Nf3 g6 3. c4 Bg7 4. Nc3 0-0 5. e4 d6 6. Be2 e5 7. 0-0 Nc6 8. d5 Ne7 9. Be3 Nh5 10. Nd2 Nf4 11. c5 f5 12. cxd6 cxd6 13. f3 Bd7 14. Nb5 Bh6 15. Bxf4 Bxf4 16. a4 Nc8 17. Qe1 Nb6 18. b3 Bxb5 19. Bxb5 a6 20. Bd3 Nd7 21. Nc4 Nc5 22. Bc2 b5 23. axb5 axb5 24. Rxa8 Qxa8 25. Na5 fxe4 26. fxe4 Qxa5 27. Qxa5 Be3+ 28. Rf2 Rxf2 29. g3 Rxc2+ 30. Kh1 Bg5 31. h4 Be7 32. Qc7 Kf7 33. b4 Rc1+ 34. Kh2 Nb3 35. Qb8 Rc2+ 36. Kh3 h5 37. Qxb5 Nd4 38. Qd3 Rb2 39. Qc3 Rb3 40. Qc4 Rb1 41. Kg2 Rb2+ 42. Kf1 Rb3 43. Kg2 Re3 44. Qf1+ Kg7 45. Qc4 Re2+ 46. Kf1 Kf7 47. Qd3 g5 48. hxg5 Bxg5 49. Qa6 Be3 50. Qb7+ Kg6 51. Qb8 Rf2+ 52. Ke1 Nf3+ 53. Kd1 Rd2+ 54. Kc1 Rxd5+ 55. Kb1 Rd1+ 56. Kc2 Rd2+ 57. Kc3 Ng5 58. Qg8+ Kf6 59. Qd8+ Kg6 60. Qg8+ Kf6 61. Qd8+ Kg6 1/2-1/2

[Event "Eger op"]
[Site "Eger"]
[Date "1991.??.??"]
[Round "?"]
[White "Parkanyi, Attila"]
[Black "Dermann, Guido"]
[Result "1-0"]
[WhiteElo "2280"]
[BlackElo "2335"]
[PlyCount "51"]
[EventDate "1991.??.??"]
[EventType "swiss"]
[EventRounds "9"]
[EventCountry "HUN"]
[SourceTitle "EXT 1997"]
[Source "ChessBase"]
[SourceDate "1996.11.15"]
[SourceVersion "1"]
[SourceVersionDate "1996.11.15"]
[SourceQuality "1"]

1. e4 e6 2. d4 d5 3. e5 c5 4. c3 Qb6 5. Nf3 Bd7 6. Bd3 Bb5 7. 0-0 Bxd3 8. Qxd3 Qa6 9. Qd1 Nc6 10. dxc5 Bxc5 11. b4 Bf8 12. Na3 Qb6 13. Be3 Qc7 14. Nb5 Qd7 15. Bc5 Nxb4 16. Bxf8 Kxf8 17. cxb4 Qxb5 18. Nd4 Qd7 19. Rc1 Ne7 20. b5 Ng6 21. f4 Ke7 22. f5 Nxe5 23. fxe6 fxe6 24. Re1 Qd6 25. Qh5 Nd3 26. Nf5+ 1-0

[Event "Muenster op"]
[Site "Muenster"]
[Date "1990.??.??"]
[Round "4"]
[White "Dermann, Guido"]
[Black "Kovalev, Andrei"]
[Result "0-1"]
[WhiteElo "2315"]
[BlackElo "2500"]
[PlyCount "82"]
[EventDate "1990.??.??"]
[EventType "swiss"]
[EventRounds "9"]
[EventCountry "GER"]
[SourceTitle "EXT 1997"]
[Source "ChessBase"]
[SourceDate "1996.11.15"]
[SourceVersion "1"]
[SourceVersionDate "1996.11.15"]
[SourceQuality "1"]

1. d4 Nf6 2. Nf3 g6 3. c4 Bg7 4. Nc3 0-0 5. e4 d6 6. Be2 e5 7. 0-0 Na6 8. Qc2 Nb4 9. Qd1 Na6 10. Qc2 exd4 11. Nxd4 Re8 12. Be3 Nb4 13. Qb1 c5 14. Nb3 Ng4 15. Bxg4 Bxg4 16. h3 Be6 17. Rd1 Bxc4 18. Nxc5 Qc7 19. Nb3 Rad8 20. Nd4 Qa5 21. a3 Nc6 22. Qc2 Rc8 23. Qd2 Ne5 24. Ncb5 Qxd2 25. Bxd2 Bxb5 26. Nxb5 Nc4 27. Bc3 Bxc3 28. bxc3 Rxe4 29. Nxa7 Rc5 30. a4 Nb2 31. Rxd6 Nxa4 32. Rd4 Nxc3 33. Rd8+ Kg7 34. Nc8 Rf4 35. Nd6 Ne2+ 36. Kf1 Rc2 37. Ra3 Nc3 38. f3 Rb4 39. Kg1 Rbb2 40. Kh1 Ne2 41. Ne4 Nf4 0-1

[Event "Dortmund-C"]
[Site "Dortmund"]
[Date "1989.??.??"]
[Round "?"]
[White "Dermann, Guido"]
[Black "Buecker, Peter"]
[Result "1/2-1/2"]
[WhiteElo "2330"]
[BlackElo "2320"]
[PlyCount "29"]
[EventDate "1989.03.??"]
[EventType "tourn"]
[EventRounds "11"]
[EventCountry "GER"]
[SourceTitle "TD"]
[Source "ChessBase"]
[SourceDate "1994.03.01"]
[SourceVersion "1"]
[SourceVersionDate "1994.03.01"]
[SourceQuality "1"]

1. d4 d5 2. Nf3 e6 3. c4 Nf6 4. Bg5 h6 5. Bh4 dxc4 6. Qa4+ Nbd7 7. e3 a6 8. Qxc4 b5 9. Qc6 Ra7 10. Nbd2 Bb7 11. Qc2 c5 12. a4 b4 13. Nb3 cxd4 14. Nfxd4 Ra8 15. f3 1/2-1/2

[Event "Muenster op"]
[Site "Muenster"]
[Date "1989.??.??"]
[Round "6"]
[White "Dermann, Guido"]
[Black "Herzog, Juerg"]
[Result "0-1"]
[WhiteElo "2330"]
[BlackElo "2220"]
[PlyCount "78"]
[EventDate "1989.??.??"]
[EventType "swiss"]
[EventRounds "9"]
[EventCountry "GER"]
[SourceTitle "EXT 1997"]
[Source "ChessBase"]
[SourceDate "1996.11.15"]
[SourceVersion "1"]
[SourceVersionDate "1996.11.15"]
[SourceQuality "1"]

1. d4 Nf6 2. Nf3 g6 3. c4 Bg7 4. Nc3 d5 5. Bg5 c6 6. e3 0-0 7. Bd3 dxc4 8. Bxc4 Qa5 9. Qb3 Nbd7 10. 0-0 Nb6 11. Bd3 Be6 12. Qc2 Nbd5 13. Bxf6 Nxf6 14. Na4 Nd7 15. Rab1 Bg4 16. Nd2 e5 17. b4 Qd8 18. h3 Be6 19. Nc5 exd4 20. Nxe6 fxe6 21. exd4 Bxd4 22. Bc4 Re8 23. Rbd1 Qe7 24. Ne4 Bg7 25. Nd6 Rf8 26. Nxb7 Kh8 27. Be2 Nb6 28. Qxc6 Nd5 29. a3 Rac8 30. Qa6 Nf4 31. Nc5 Qg5 32. Bg4 Rxc5 33. bxc5 h5 34. c6 hxg4 35. h4 Qxh4 36. c7 Be5 37. g3 Nh3+ 38. Kg2 Rxf2+ 39. Rxf2 Qxg3+ 0-1

[Event "BL2-West 8889"]
[Site "Germany"]
[Date "1989.??.??"]
[Round "?.6"]
[White "Dermann, Guido"]
[Black "Huelsmann, Josef"]
[Result "1/2-1/2"]
[WhiteElo "2330"]
[BlackElo "2220"]
[PlyCount "81"]
[EventDate "1988.10.??"]
[EventType "team-tourn"]
[EventRounds "9"]
[EventCountry "GER"]
[SourceTitle "GER-chT2"]
[Source "ChessBase"]
[SourceDate "1999.07.01"]
[SourceVersion "1"]
[SourceVersionDate "1999.07.01"]
[SourceQuality "1"]
[WhiteTeam "Dortmund Brackel"]
[BlackTeam "Monheim"]
[WhiteTeamCountry "GER"]
[BlackTeamCountry "GER"]

1. d4 d5 2. Nf3 Nf6 3. c4 dxc4 4. Nc3 Bf5 5. e3 e6 6. Bxc4 a6 7. Ne5 Be7 8. Qf3 Qc8 9. g4 Bg6 10. h4 h6 11. Nxg6 fxg6 12. g5 Nh7 13. d5 Nd7 14. Qe4 Nhf8 15. Rg1 hxg5 16. hxg5 Nc5 17. Qd4 Qd7 18. b4 Na4 19. Nxa4 Qxa4 20. a3 0-0-0 21. e4 exd5 22. Bxd5 Nd7 23. Bf4 Rhf8 24. Bg3 Bc5 25. Qc3 Bb6 26. Rc1 Nc5 27. Kf1 Rxd5 28. exd5 Ne4 29. Qe5 Nxg3+ 30. Rxg3 Rxf2+ 31. Ke1 Rf8 32. Re3 Kb8 33. Qxg7 Re8 34. Rxe8+ Qxe8+ 35. Kd1 Qe4 36. Qc3 Qxd5+ 37. Qd2 Qb3+ 38. Ke2 Qxa3 39. Rf1 Qg3 40. Rf8+ Ka7 41. Qf4 1/2-1/2

[Event "Miskolc op"]
[Site "Miskolc"]
[Date "1989.??.??"]
[Round "?"]
[White "Dermann, Guido"]
[Black "Rashkovsky, Nukhim N"]
[Result "0-1"]
[WhiteElo "2330"]
[BlackElo "2520"]
[PlyCount "52"]
[EventDate "1989.07.05"]
[EventType "swiss"]
[EventRounds "11"]
[EventCountry "HUN"]
[SourceTitle "EXT 2002"]
[Source "ChessBase"]
[SourceDate "2001.11.25"]
[SourceVersion "1"]
[SourceVersionDate "2001.11.25"]
[SourceQuality "1"]

1. d4 Nf6 2. c4 e6 3. Nf3 Bb4+ 4. Nbd2 d5 5. Qa4+ Nc6 6. a3 Bxd2+ 7. Bxd2 Ne4 8. Rd1 0-0 9. Bf4 g5 10. Bg3 h5 11. Ne5 Nxe5 12. dxe5 c5 13. f3 Bd7 14. Qc2 Qa5+ 15. b4 cxb4 16. fxe4 bxa3+ 17. Kf2 Ba4 18. Qc1 Qc5+ 19. Ke1 Qb4+ 20. Kf2 f6 21. Rd3 a2 22. exf6 Qc5+ 23. Ke1 dxe4 24. Bd6 Qa5+ 25. Rc3 Bc2 26. Ba3 Qxc3+ 0-1

[Event "Dortmund-C"]
[Site "Dortmund"]
[Date "1989.??.??"]
[Round "?"]
[White "Dermann, Guido"]
[Black "Thesing, Matthias"]
[Result "1/2-1/2"]
[WhiteElo "2330"]
[BlackElo "2365"]
[PlyCount "66"]
[EventDate "1989.03.??"]
[EventType "tourn"]
[EventRounds "11"]
[EventCountry "GER"]
[SourceTitle "TD"]
[Source "ChessBase"]
[SourceDate "1994.03.01"]
[SourceVersion "1"]
[SourceVersionDate "1994.03.01"]
[SourceQuality "1"]

1. d4 e6 2. Nf3 c5 3. c4 cxd4 4. Nxd4 Nf6 5. Nc3 a6 6. Bg5 b6 7. e4 Qc7 8. Bd3 Bb7 9. Qe2 Bc5 10. Be3 0-0 11. 0-0 Be7 12. f3 d6 13. Qf2 Nbd7 14. Rfc1 Rac8 15. Bf1 Qb8 16. Kh1 Rfe8 17. Rab1 Bd8 18. b4 Ne5 19. c5 dxc5 20. bxc5 Rxc5 21. Nb3 Rc6 22. Qb2 Re7 23. Rd1 Ned7 24. Ne2 Rc8 25. Na5 Ba8 26. Ng1 bxa5 27. Qd2 Bb7 28. Bxa6 Nf8 29. Qb2 Bxa6 30. Qxb8 Rxb8 31. Rxb8 Bc7 32. Ra8 Bb5 33. Ra7 Ba4 1/2-1/2